Asoodagi : (Record no. 594340)
[ view plain ]
| 000 -LEADER | |
|---|---|
| fixed length control field | 00872cam a22002777a 4500 |
| 001 - CONTROL NUMBER | |
| control field | 14684921 |
| 003 - CONTROL NUMBER IDENTIFIER | |
| control field | NUST |
| 005 - DATE AND TIME OF LATEST TRANSACTION | |
| control field | 20230327124132.0 |
| 008 - FIXED-LENGTH DATA ELEMENTS--GENERAL INFORMATION | |
| fixed length control field | 070104s2007 pk 000 d urd |
| 010 ## - LIBRARY OF CONGRESS CONTROL NUMBER | |
| LC control number | 2006330988 |
| 020 ## - INTERNATIONAL STANDARD BOOK NUMBER | |
| International Standard Book Number | 9693519140 |
| 025 ## - OVERSEAS ACQUISITION NUMBER | |
| Overseas acquisition number | P-U-2006330988; 10; 11 |
| 040 ## - CATALOGING SOURCE | |
| Original cataloging agency | DLC |
| Transcribing agency | DLC |
| 050 00 - LIBRARY OF CONGRESS CALL NUMBER | |
| Classification number | MLCSA 2006/00758 (P) |
| 082 ## - DEWEY DECIMAL CLASSIFICATION NUMBER | |
| Classification number | 891.4392,ASH |
| 100 1# - MAIN ENTRY--PERSONAL NAME | |
| Personal name | Ashfāq Aḥmad, |
| Dates associated with a name | 1925-2004. |
| 9 (RLIN) | 639 |
| 245 10 - TITLE STATEMENT | |
| Title | Asoodagi : |
| Remainder of title | Talqeen Shah / |
| Statement of responsibility, etc. | Ashfaq Ahmad. |
| 246 1# - VARYING FORM OF TITLE | |
| Display text | Title on t.p. verso: |
| Title proper/short title | Aasoodgi (Talqeen Shah) |
| 260 ## - PUBLICATION, DISTRIBUTION, ETC. | |
| Place of publication, distribution, etc. | Lahore : |
| Name of publisher, distributor, etc. | Sang-i Mīl Pablīkeshanz, |
| Date of publication, distribution, etc. | 2007. |
| 300 ## - PHYSICAL DESCRIPTION | |
| Extent | 512 p. ; |
| Dimensions | 21 cm. |
| 500 ## - GENERAL NOTE | |
| General note | Play. |
| 546 ## - LANGUAGE NOTE | |
| Language note | In Urdu. |
| 906 ## - LOCAL DATA ELEMENT F, LDF (RLIN) | |
| a | 7 |
| b | cbc |
| c | orignew |
| d | 4 |
| e | ncip |
| f | 20 |
| g | y-gencatlg |
| 942 ## - ADDED ENTRY ELEMENTS (KOHA) | |
| Source of classification or shelving scheme | |
| Koha item type | Book |
| Call number prefix | 891.4392,ASH |
| Withdrawn status | Lost status | Source of classification or shelving scheme | Damaged status | Not for loan | Permanent Location | Current Location | Shelving location | Date acquired | Total Checkouts | Full call number | Barcode | Date last seen | Price effective from | Koha item type | Public note |
|---|---|---|---|---|---|---|---|---|---|---|---|---|---|---|---|
| Military College of Signals (MCS) | Military College of Signals (MCS) | General Stacks | 03/27/2023 | 891.4392,ASH | MCS37707 | 03/27/2023 | 03/27/2023 | Book | Almirha No 66, Shelf No 1 |
